| 000 | 00545nam a2200193Ia 4500 | ||
|---|---|---|---|
| 008 | 191130s1934##################000#0#eng## | ||
| 020 | _a9780897335393 | ||
| 040 |
_aACL _cACL |
||
| 082 | _a823.912 DEL | ||
| 100 | _aDelafield, E. M | ||
| 245 |
_aThe provincial lady in America _cE. M. Delafield |
||
| 260 |
_aNew York, London _b[publisher not identified] _c1934 |
||
| 300 | _avi, 245 p. : ill. ; 21 cm | ||
| 650 | _aBritish | ||
| 650 | _aUnited States | ||
| 990 | _a72b0b754ac10000c0a59207a158da0ca | ||
| 991 | _a313863 | ||
| 999 |
_c65992 _d65992 |
||